书目信息 |
| 题名: |
广播电视语言传播发声艺术概要
|
|
| 作者: | 李晓华 著 | |
| 分册: | ||
| 出版信息: | 北京 北京广播学院出版社 1999.06 |
|
| 页数: | 205页 | |
| 开本: | 32开 | |
| 丛书名: | ||
| 单 册: | ||
| 中图分类: | G222.2 | |
| 科图分类: | ||
| 主题词: | 广播事业 , 电视事业 | |
| 电子资源: | ||
| ISBN: | 7-81004-809-0 | |
| 000 | 00614nam0 2200205 45 | |
| 001 | 0012131603 | |
| 005 | 20001213165716.2 | |
| 010 | @a7-81004-809-0@d12.00元 | |
| 100 | @a20001213d1999 km y0chiy0120 ea | |
| 101 | 0 | @achi |
| 105 | @a z 000yy | |
| 200 | 1 | @a广播电视语言传播发声艺术概要@AGuang Bo Dian Shi Yu Yan Chuan Bo Fa Sheng Yi Shu Gai Yao@f李晓华著@FLi Xiao Hua Zhu |
| 210 | @a北京@c北京广播学院出版社@d1999.06 | |
| 215 | @a205页@d32开 | |
| 606 | 0 | @a广播事业 |
| 606 | 0 | @a电视事业 |
| 690 | @aG222.2@v3 | |
| 701 | 0 | @a李晓华@4著 |
| 801 | @aCN@bPftUser@c20001213 | |
| 905 | @b312648-650@dG222.2@eL334@f3 | |
| 广播电视语言传播发声艺术概要/李晓华著.-北京:北京广播学院出版社,1999.06 |
| 205页;32开 |
| ISBN 7-81004-809-0:12.00元 |
| ● |
| 相关链接 |
|
|
|
正题名:广播电视语言传播发声艺术概要
索取号:G222.2/L334
 
预约/预借
| 序号 | 登录号 | 条形码 | 馆藏地/架位号 | 状态 | 备注 |
| 1 | 312648 | 203126483 | 社科库409/ [索取号:G222.2/L334] | 在馆 | |
| 2 | 312649 | 203126492 | 社科库409/409社科库 58排1列5层/ [索取号:G222.2/L334] | 在馆 | |
| 3 | 312650 | 203126508 | 社科库409/409社科库 58排1列5层/ [索取号:G222.2/L334] | 在馆 |